000 00326 a2200157 4500
001 53458
020 _a
040 _cAnchieta - Pituba
100 _aJoel
240 1 0 _a2ª História, I unidade
_lpor
245 1 0 _a2ª História, I unidade
300 _a4
362 0 _a2016
650 4 _aHistória do mundo
942 _cBK
999 _c53458
_d53458